000 00690nam a2200205Ii 4500
003 JO-AjNU
008 230605s9999||||xx |||||||||||||| ||und||
040 _aJO-AjNU
_bara
_erda
_cJO-AjNU
041 _aara
050 1 4 _aQ181.J2 1986
100 3 _aنخبة من الاساتذة المختصين في تدريس العلوم بامريكا,
_eauthor
_941975
245 0 0 _aالجديد في تدريس العلوم
250 _aد.ط
264 3 1 _aالقاهرة: دار المعارف، 1988
300 _a329ص
336 _atext
_btxt
_2rdacontent
337 _aunmediated
_bn
_2rdamedia
338 _avolume
_bnc
_2rdacarrier
650 4 _aعلوم - دراسة وتعليم
_941976
999 _aA17939
_c21507
_d21507